Contracts 2 [Bilingual (English & Telugu)] (Record no. 47380)
[ view plain ]
| 000 -LEADER | |
|---|---|
| fixed length control field | 00500nam a22001697a 4500 |
| 005 - DATE AND TIME OF LATEST TRANSACTION | |
| control field | 20260324163241.0 |
| 008 - FIXED-LENGTH DATA ELEMENTS--GENERAL INFORMATION | |
| fixed length control field | 260324b |||||||| |||| 00| 0 eng d |
| 020 ## - INTERNATIONAL STANDARD BOOK NUMBER | |
| International Standard Book Number | 9789783956407 |
| 040 ## - CATALOGING SOURCE | |
| Transcribing agency | VITAP |
| 082 ## - DEWEY DECIMAL CLASSIFICATION NUMBER | |
| Edition number | 23rd Ed. |
| Classification number | 346.5402 VIJ |
| 100 ## - MAIN ENTRY--PERSONAL NAME | |
| Personal name | Vijayasekhar, R.D. |
| 9 (RLIN) | 17350 |
| 245 ## - TITLE STATEMENT | |
| Title | Contracts 2 [Bilingual (English & Telugu)] |
| Statement of responsibility, etc. | / R.D. Vijayasekhar |
| 260 ## - PUBLICATION, DISTRIBUTION, ETC. | |
| Place of publication, distribution, etc. | Tirupati |
| Name of publisher, distributor, etc. | Vijay Law Series |
| 300 ## - PHYSICAL DESCRIPTION | |
| Extent | iv, 142p. : ill. ; 24cm |
| 650 #0 - SUBJECT ADDED ENTRY--TOPICAL TERM | |
| Topical term or geographic name entry element | India; Contracts |
| 9 (RLIN) | 17351 |
| 942 ## - ADDED ENTRY ELEMENTS (KOHA) | |
| Source of classification or shelving scheme | Dewey Decimal Classification |
| Koha item type | Reference Book |
| Withdrawn status | Lost status | Source of classification or shelving scheme | Materials specified (bound volume or other part) | Damaged status | Not for loan | Collection code | Home library | Current library | Shelving location | Date acquired | Source of acquisition | Cost, normal purchase price | Inventory number | Total Checkouts | Full call number | Barcode | Date last seen | Cost, replacement price | Price effective from | Koha item type | Public note |
|---|---|---|---|---|---|---|---|---|---|---|---|---|---|---|---|---|---|---|---|---|---|
| Dewey Decimal Classification | Paper Back | Reference | VIT AP School of Law | VIT-AP | Reference | 2026-03-24 | Donated by Dr. Benarji Chakka (70169) | 0.00 | DB2 | 346.5402 VIJ | 025697 | 2026-03-24 | 0.00 | 2026-03-24 | Reference Book | LAW |